000 00511nam a22001937a 4500
003 OSt
005 20170302152421.0
008 170302b xxu||||| |||| 00| 0 eng d
020 _a9780198506966
040 _cDDC.
082 _a539.7FOO 2008.
100 _aFoot,J.Christopher;
_911735
245 _aAtomic Physics.
260 _aOxford
_bOxford University Press.
_c2008.
300 _axiii,331p;
_bill:
_c26cm.
504 _aincludes references and index.
650 _aPhysics.
_9809
942 _2ddc
_cO_SHELF
999 _c5626
_d5626